Les Capitales des territoires dépendants du Monde - Statistiques

Statistiques générales
  • Ce quiz a été pris 50 fois
    46 depuis la dernière actualisation
  • Le résultat moyen est 24 sur 54
Statistiques - réponses
Territoire dépendant Capitale % Correct
Groenland Nuuk
94%
Nouvelle-Calédonie Nouméa
90%
Guyane Cayenne
84%
Gibraltar Gibraltar
81%
Guadeloupe Basse-Terre
77%
Hong Kong Hong Kong
77%
La Réunion Saint-Denis
77%
Martinique Fort-de-France
74%
Polynésie française Papeete
74%
Macao Macao
71%
Mayotte Mamoudzou
71%
Porto Rico San Juan
68%
Île de Man Douglas
58%
Saint-Pierre-et-Miquelon Saint-Pierre
58%
Bermudes Hamilton
55%
Curaçao Willemstad
52%
Îles Pitcairn Adamstown
48%
Aruba Oranjestad
48%
Îles Féroé Tórshavn
48%
Îles Turques-et-Caïques Cockburn Town
45%
Guam Hagåtña
45%
Îles Malouines Port Stanley
45%
Îles Vierges britanniques Road Town
45%
Anguilla The Valley
45%
Îles Vierges des États-Unis Charlotte-Amélie
42%
Îles Caïmans George Town
42%
Île Norfolk Kingston
42%
Bonaire Kralendijk
42%
Wallis-et-Futuna Mata Utu
42%
Samoa américaines (de facto) Pago Pago
42%
Jersey Saint-Hélier
42%
Sainte-Hélène Jamestown
39%
Åland Mariehamn
39%
Montserrat (de jure) Plymouth
39%
Île Christmas Flying Fish Cove
35%
Saint-Barthélemy Gustavia
35%
Îles Mariannes du Nord Saipan
35%
Guernesey Saint-Pierre-Port
32%
Saba The Bottom
32%
Îles Cocos West Island
32%
Akrotiri et Dhekelia Cantonnement d'Episkopi
26%
Île de l'Ascension Georgetown
26%
Svalbard Longyearbyen
26%
Saint-Martin Marigot
26%
Territoire britannique de l'océan Indien Camp Justice (Diego Garcia)
23%
Archipel Tristan da Cunha Édimbourg-des-Sept-Mers
23%
Géorgie du Sud-et-les îles Sandwich du Sud King Edward Point
23%
Sint Eustatius Oranjestad
23%
Sint Maarten Philipsburg
23%
Montserrat (de facto) Brades
19%
Samoa américaines (de jure) Fagatogo
19%
Île Jan Mayen Olonkinbyen
10%
Tokelau Atafu / Fakaofo / Nukunonu
6%
Îles de la mer de Corail Willis Island
6%
Aucun quiz correspondant
Distribution des résultats
% des personnes avec chaque résultat
Percentile par nombre de réponses
Votre historique - résultats
Vous n’avez pas pris ce quiz depuis la dernière actualisation